[Event "DVM U20 2010"]
[Site "Osnabrück GER"]
[Date "2010.12.29"]
[Round "5"]
[White "Lock, Adrian"]
[Black "Nonhoff, Marko"]
[Result "0-1"]
[Termination "normal"]
[Board "5.2"]
[WhiteElo "2022"]
[BlackElo "1937"]
[WhiteTeam "Koenigsspringer SC 1984"]
[BlackTeam "Schachfreunde Paderborn 2000"]
[PlyCount "112"]
[WhiteFideId "24651290"]
[BlackFideId "4648269"]
[EventCountry "GER"]
[EventRounds "7"]
[EventType "team-swiss"]
[EventDate "2010.12.26"]

1. e4 e6 2. b3 d5 3. Bb2 Nf6 4. Nc3 Nc6 5. Bb5 Bd7 6. exd5 exd5 7. Nf3 Bd6 8.
Qe2+ Qe7 9. Qxe7+ Bxe7 10. h3 O-O 11. O-O-O Bd6 12. Rde1 Rfe8 13. d3 a6 14.
Bxc6 bxc6 15. Nd1 a5 16. Ne5 a4 17. g3 axb3 18. axb3 Bb4 19. c3 Bd6 20. Nxd7
Nxd7 21. d4 Nf6 22. Re3 Rxe3 23. Nxe3 Ne4 24. Rf1 g6 25. c4 Bb4 26. cxd5 Bd2+
27. Kc2 Bxe3 28. fxe3 cxd5 29. g4 Ra6 30. h4 Rf6 31. Rxf6 Nxf6 32. g5 Ne4 33.
Ba3 f6 34. Be7 Kf7 35. Bd8 c6 36. gxf6 Nxf6 37. Kc3 Ne4+ 38. Kb4 h6 39. Ka5 Ke8
40. Bc7 g5 41. hxg5 hxg5 42. b4 g4 43. b5 cxb5 44. Kxb5 Kd7 45. Bh2 g3 46. Bg1
Ke6 47. Kb6 Nf2 48. Kc6 Ne4 49. Kc7 Nf6 50. Kc6 Kf5 51. Kd6 Ke4 52. Ke6 Ng4 53.
Kf7 Nf2 54. Kg6 Nh3 55. Kh5 Nxg1 56. Kg4 Ne2 0-1

[Event "DVM U20 2010"]
[Site "Osnabrück GER"]
[Date "2010.12.29"]
[Round "5"]
[White "Hötte, Philipp"]
[Black "Maiorov, Daniel"]
[Result "1/2-1/2"]
[Termination "normal"]
[Board "5.3"]
[WhiteElo "1901"]
[BlackElo "1980"]
[WhiteTeam "Schachfreunde Paderborn 2000"]
[BlackTeam "Koenigsspringer SC 1984"]
[PlyCount "73"]
[WhiteFideId "24696390"]
[BlackFideId "24646920"]
[EventCountry "GER"]
[EventRounds "7"]
[EventType "team-swiss"]
[EventDate "2010.12.26"]

1. e4 Nc6 2. Nc3 Nf6 3. f4 d5 4. exd5 Nxd5 5. Nf3 Bf5 6. Bc4 e6 7. O-O Ndb4 8.
d3 Nd4 9. Nxd4 Qxd4+ 10. Kh1 O-O-O 11. h3 Nxc2 12. Qxc2 Qxc4 13. dxc4 Bxc2 14.
Be3 Bd3 15. Rfc1 Be7 16. a4 a6 17. c5 Bf6 18. b4 Bd4 19. Bd2 f6 20. Ra3 Bf5 21.
Ra2 Rhe8 22. Ne2 e5 23. b5 exf4 24. Bxf4 Be3 25. Bxe3 Rxe3 26. c6 Rde8 27. Ng1
Be4 28. Rd2 bxc6 29. bxa6 Kb8 30. Rd7 Ka7 31. Rxc7+ Kxa6 32. Rxg7 Ra3 33. Ne2
Rxa4 34. Nc3 Ra5 35. Nxe4 Rxe4 36. Rxc6+ Kb5 37. Rc1 1/2-1/2

[Event "DVM U20 2010"]
[Site "Osnabrück GER"]
[Date "2010.12.29"]
[Round "5"]
[White "Raider, Eugen"]
[Black "Georgi, Philip"]
[Result "1-0"]
[Termination "normal"]
[Board "5.4"]
[WhiteElo "1905"]
[BlackElo "1758"]
[WhiteTeam "Koenigsspringer SC 1984"]
[BlackTeam "Schachfreunde Paderborn 2000"]
[PlyCount "59"]
[WhiteFideId "24657352"]
[BlackFideId "4647750"]
[EventCountry "GER"]
[EventRounds "7"]
[EventType "team-swiss"]
[EventDate "2010.12.26"]

1. e4 e6 2. b3 d5 3. Bb2 dxe4 4. Nc3 Nf6 5. g4 h6 6. Bg2 Nbd7 7. Qe2 g6 8. Nxe4
Bg7 9. O-O-O O-O 10. h4 Nxe4 11. Bxg7 Kxg7 12. Bxe4 a5 13. Nh3 a4 14. Kb2 axb3
15. axb3 Nc5 16. d4 Nxe4 17. Qxe4 Qd6 18. Qe5+ f6 19. Qxd6 cxd6 20. f4 e5 21.
dxe5 dxe5 22. fxe5 Bxg4 23. exf6+ Rxf6 24. Rd4 Bf5 25. Rb4 Kg8 26. Nf4 Rfa6 27.
c4 Ra2+ 28. Kc3 Rd8 29. Nd5 Be4 30. Nf6+ 1-0

[Event "DVM U20 2010"]
[Site "Osnabrück GER"]
[Date "2010.12.29"]
[Round "5"]
[White "Neukötter, Moritz"]
[Black "Langmann, Markus"]
[Result "0-1"]
[Termination "normal"]
[Board "5.5"]
[WhiteElo "1675"]
[BlackElo "1922"]
[WhiteTeam "Schachfreunde Paderborn 2000"]
[BlackTeam "Koenigsspringer SC 1984"]
[PlyCount "80"]
[WhiteFideId "24603279"]
[BlackFideId "24651281"]
[EventCountry "GER"]
[EventRounds "7"]
[EventType "team-swiss"]
[EventDate "2010.12.26"]

1. e4 e6 2. Nc3 d5 3. Nf3 Nf6 4. exd5 exd5 5. d4 c6 6. Bd3 Bd6 7. O-O O-O 8.
Bg5 Bg4 9. Bh4 Re8 10. Bg3 Ne4 11. Bxd6 Qxd6 12. h3 Bh5 13. g4 Bg6 14. Bxe4
dxe4 15. Ne5 Nd7 16. Nxg6 hxg6 17. Qd2 Re7 18. Rae1 Rae8 19. Kg2 Nb6 20. b3 f5
21. f3 Nd5 22. Nxd5 cxd5 23. fxe4 Rxe4 24. Rxe4 dxe4 25. gxf5 gxf5 26. Qf4 Qxf4
27. Rxf4 g6 28. Kf2 b5 29. Ke3 Rc8 30. Kd2 b4 31. c4 bxc3+ 32. Kc2 Kf7 33. Rf1
Ke6 34. Rg1 Kf6 35. Rg3 f4 36. Rxc3 Rxc3+ 37. Kxc3 f3 38. Kd2 f2 39. Ke2 e3 40.
a4 a5 0-1

[Event "DVM U20 2010"]
[Site "Osnabrück GER"]
[Date "2010.12.29"]
[Round "5"]
[White "Stanau, Guido"]
[Black "Gehle, Philipp"]
[Result "1-0"]
[Termination "normal"]
[Board "5.6"]
[WhiteElo "1988"]
[BlackElo "1497"]
[WhiteTeam "Koenigsspringer SC 1984"]
[BlackTeam "Schachfreunde Paderborn 2000"]
[PlyCount "93"]
[WhiteFideId "24692255"]
[EventCountry "GER"]
[EventRounds "7"]
[EventType "team-swiss"]
[EventDate "2010.12.26"]

1. e4 e5 2. Nf3 Nf6 3. Nxe5 d6 4. Nf3 Nxe4 5. d4 d5 6. Bd3 Bg4 7. O-O Be7 8. c4
Nf6 9. cxd5 Nxd5 10. Qa4+ Qd7 11. Bb5 c6 12. Be2 Bxf3 13. Bxf3 O-O 14. Nc3 Nb6
15. Qc2 Qxd4 16. Be3 Qf6 17. Be4 h6 18. Ne2 Rd8 19. Rad1 Na6 20. Bd4 Qe6 21. b3
Bf6 22. Nf4 Qe7 23. Rfe1 Qc7 24. Bxf6 Rxd1 25. Bh7+ Kh8 26. Bxg7+ Kxg7 27. Nh5+
Kf8 28. Qxd1 Re8 29. Rxe8+ Kxe8 30. Ng7+ Kf8 31. Nf5 Qd7 32. Qg4 Qxf5 33. Qxf5
Nd5 34. Bg6 Ke8 35. Qxf7+ Kd8 36. Qxb7 Nac7 37. Qxc6 Ne7 38. Qd6+ Kc8 39. Qxe7
Kb7 40. Qd6 a5 41. Be4+ Kc8 42. Bc6 a4 43. Qd7+ Kb8 44. Qd8+ Ka7 45. Qxc7+ Ka6
46. Qb7+ Ka5 47. b4# 1-0

[Event "DVM U20 2010"]
[Site "Osnabrück GER"]
[Date "2010.12.29"]
[Round "5"]
[White "Rafayevych, Vilen"]
[Black "Fuhrmann, Max"]
[Result "1/2-1/2"]
[Termination "normal"]
[Board "6.1"]
[WhiteElo "2059"]
[BlackElo "2147"]
[WhiteTeam "SG Aufbau Elbe Magdeburg"]
[BlackTeam "SK Kelheim 1920"]
[PlyCount "79"]
[WhiteFideId "24673897"]
[BlackFideId "24620114"]
[EventCountry "GER"]
[EventRounds "7"]
[EventType "team-swiss"]
[EventDate "2010.12.26"]

1. d4 Nf6 2. c4 c6 3. Nc3 d5 4. Bg5 e6 5. e3 Nbd7 6. cxd5 exd5 7. Bd3 Bd6 8.
Nf3 O-O 9. O-O Re8 10. Qc2 Nf8 11. h3 g6 12. Bh4 Be7 13. Ne5 Nh5 14. Bxe7 Qxe7
15. Ne2 f6 16. Nf3 Be6 17. Rab1 Ng7 18. Ng3 Bf7 19. b4 a6 20. a4 g5 21. b5 axb5
22. axb5 Rac8 23. bxc6 bxc6 24. Rfc1 Qd8 25. Rb3 Bg6 26. Rc3 Bxd3 27. Qxd3 Re6
28. h4 h6 29. Nh2 h5 30. Nf3 g4 31. Nd2 Qe8 32. Nb3 Ng6 33. Nf5 Nxf5 34. Qxf5
Nxh4 35. Qxd5 cxd5 36. Rxc8 Nf5 37. Rxe8+ Rxe8 38. Rc7 g3 39. Rc2 Kf7 40. Re2
1/2-1/2

[Event "DVM U20 2010"]
[Site "Osnabrück GER"]
[Date "2010.12.29"]
[Round "5"]
[White "Eibl, Maximilian"]
[Black "Schulz, Marcel"]
[Result "1-0"]
[Termination "normal"]
[Board "6.2"]
[WhiteElo "2121"]
[BlackElo "1835"]
[WhiteTeam "SK Kelheim 1920"]
[BlackTeam "SG Aufbau Elbe Magdeburg"]
[PlyCount "39"]
[WhiteFideId "24620092"]
[BlackFideId "1270585"]
[EventCountry "GER"]
[EventRounds "7"]
[EventType "team-swiss"]
[EventDate "2010.12.26"]

1. e4 c5 2. Nf3 d6 3. d4 cxd4 4. Nxd4 Nf6 5. Nc3 g6 6. Be3 Bg7 7. f3 O-O 8. Bc4
Nc6 9. Qd2 Bd7 10. h4 h5 11. O-O-O Rc8 12. Bb3 Ne5 13. Bg5 Rc5 14. Kb1 b5 15.
g4 hxg4 16. h5 gxh5 17. Bxf6 Bxf6 18. Nd5 Bg7 19. Qg5 e6 20. Ne7+ 1-0

[Event "DVM U20 2010"]
[Site "Osnabrück GER"]
[Date "2010.12.29"]
[Round "5"]
[White "Schiffner, Kevin"]
[Black "Bräutigam, Markus"]
[Result "1/2-1/2"]
[Termination "normal"]
[Board "6.3"]
[WhiteElo "1948"]
[BlackElo "1731"]
[WhiteTeam "SG Aufbau Elbe Magdeburg"]
[BlackTeam "SK Kelheim 1920"]
[PlyCount "57"]
[WhiteFideId "24674940"]
[BlackFideId "24620076"]
[EventCountry "GER"]
[EventRounds "7"]
[EventType "team-swiss"]
[EventDate "2010.12.26"]

1. d4 d5 2. c4 e6 3. Nc3 Nf6 4. Bg5 Be7 5. Nf3 O-O 6. e3 a6 7. Qc2 h6 8. Bh4
Nbd7 9. cxd5 exd5 10. Be2 Nb6 11. O-O Re8 12. Rab1 Bg4 13. Ne5 Bxe2 14. Nxe2
Ne4 15. Bxe7 Rxe7 16. Nf4 Rc8 17. Nf3 Qd6 18. Rfc1 c5 19. dxc5 Rxc5 20. Qd3
Rec7 21. Rd1 Rc2 22. Qxe4 dxe4 23. Rxd6 Rc1+ 24. Rd1 Rxb1 25. Rxb1 exf3 26.
gxf3 Rc2 27. Nd3 Nc4 28. f4 Rd2 29. Nc5 1/2-1/2

[Event "DVM U20 2010"]
[Site "Osnabrück GER"]
[Date "2010.12.29"]
[Round "5"]
[White "Arnold, Sebastian"]
[Black "Brüggemann, Florian"]
[Result "0-1"]
[Termination "normal"]
[Board "6.4"]
[WhiteElo "1752"]
[BlackElo "2026"]
[WhiteTeam "SK Kelheim 1920"]
[BlackTeam "SG Aufbau Elbe Magdeburg"]
[PlyCount "158"]
[WhiteFideId "24692603"]
[BlackFideId "24645567"]
[EventCountry "GER"]
[EventRounds "7"]
[EventType "team-swiss"]
[EventDate "2010.12.26"]

1. e4 c5 2. Nf3 d6 3. d4 cxd4 4. Nxd4 Nf6 5. Nc3 a6 6. Be3 e6 7. f3 b5 8. Qd2
Bb7 9. O-O-O Qc7 10. g4 Nfd7 11. g5 Nc6 12. h4 Nde5 13. Nxc6 Qxc6 14. Qg2 Rc8
15. Rd2 h5 16. gxh6 gxh6 17. f4 b4 18. Nb1 Nd7 19. Bd3 Nc5 20. Bxc5 Qxc5 21.
Qe2 Qb6 22. Qf2 Qxf2 23. Rxf2 Rg8 24. Nd2 d5 25. Re1 Bc5 26. Rfe2 Rg4 27. f5
Rxh4 28. fxe6 fxe6 29. exd5 Bxd5 30. Bf5 Kf7 31. Bxe6+ Bxe6 32. Rxe6 Bf2 33.
Re7+ Kf8 34. Rh7 Kg8 35. Ree7 Rh1+ 36. Nf1 Rxf1+ 37. Kd2 Be1+ 38. Ke2 Rg1 39.
Rxh6 Rxc2+ 40. Kd3 Rd2+ 41. Kc4 Rg4+ 42. Kb3 Rd3+ 43. Kc2 Rd2+ 44. Kb3 Rg3+ 45.
Kc4 Rc2+ 46. Kd5 Rg5+ 47. Kd4 Bf2+ 48. Kd3 Rxb2 49. Rxa6 Rg3+ 50. Kc4 Rc2+ 51.
Kd5 Rc5+ 52. Kd6 Rd3+ 53. Ke6 Re3+ 54. Kd6 Rxe7 55. Kxe7 Rc7+ 56. Kf6 Ra7 57.
Rd6 Rxa2 58. Rd8+ Kh7 59. Rd7+ Kh6 60. Rd1 Ra6+ 61. Kf5 Rb6 62. Rh1+ Kg7 63.
Ke4 b3 64. Kd3 b2 65. Kc2 Bd4 66. Rd1 Bf6 67. Rg1+ Kf7 68. Rf1 Ra6 69. Re1 Ra1
70. Rb1 Rxb1 71. Kxb1 Ke6 72. Kc2 Kd5 73. Kb1 Kc4 74. Kc2 Kb4 75. Kb1 Kc3 76.
Ka2 Kc2 77. Ka3 b1=Q 78. Ka4 Bc3 79. Ka3 Qb3# 0-1

[Event "DVM U20 2010"]
[Site "Osnabrück GER"]
[Date "2010.12.29"]
[Round "5"]
[White "Rickmann, David"]
[Black "Zhou, Wile"]
[Result "1/2-1/2"]
[Termination "normal"]
[Board "6.5"]
[WhiteElo "1876"]
[BlackElo "1719"]
[WhiteTeam "SG Aufbau Elbe Magdeburg"]
[BlackTeam "SK Kelheim 1920"]
[PlyCount "82"]
[WhiteFideId "24657360"]
[BlackFideId "4695674"]
[EventCountry "GER"]
[EventRounds "7"]
[EventType "team-swiss"]
[EventDate "2010.12.26"]

1. e4 c5 2. Nc3 Nc6 3. f4 e6 4. Nf3 d5 5. d3 g6 6. g3 Bg7 7. Bg2 Nge7 8. O-O
O-O 9. Nh4 f5 10. e5 Qc7 11. Nf3 a6 12. Na4 b6 13. a3 Rb8 14. Rb1 Bd7 15. Nc3
b5 16. Ne2 Rfd8 17. d4 cxd4 18. Nexd4 Nxd4 19. Nxd4 Nc6 20. Be3 Nxd4 21. Bxd4
a5 22. c3 b4 23. axb4 axb4 24. Rf2 bxc3 25. Bxc3 Bf8 26. Qd2 Bc5 27. Bd4 Bxd4
28. Qxd4 Rb6 29. b4 Rdb8 30. Rfb2 Bb5 31. Bf1 Bxf1 32. Kxf1 Rb5 33. Ke2 Qb6 34.
Qxb6 R8xb6 35. Kd3 Kf8 36. h3 h5 37. h4 Ke8 38. Rb3 Kd7 39. Kd4 Kc7 40. Kd3 Kd8
41. Kc3 Rc6+ 1/2-1/2

[Event "DVM U20 2010"]
[Site "Osnabrück GER"]
[Date "2010.12.29"]
[Round "5"]
[White "Pernpeintner, Simon"]
[Black "Schiffner, Alexander"]
[Result "1-0"]
[Termination "normal"]
[Board "6.6"]
[WhiteElo "1598"]
[BlackElo "1645"]
[WhiteTeam "SK Kelheim 1920"]
[BlackTeam "SG Aufbau Elbe Magdeburg"]
[PlyCount "47"]
[WhiteFideId "24673331"]
[EventCountry "GER"]
[EventRounds "7"]
[EventType "team-swiss"]
[EventDate "2010.12.26"]

1. e4 c5 2. c3 e6 3. d4 cxd4 4. cxd4 d5 5. e5 Nc6 6. Nf3 Bd7 7. Be2 Qc7 8. Nc3
a6 9. O-O Bb4 10. Bd2 Nge7 11. Rc1 Rc8 12. a3 Ba5 13. Be3 O-O 14. Bd3 b5 15. b4
Bb6 16. Ne2 Qa7 17. Qd2 Ng6 18. Rfd1 a5 19. Bxb5 Ncxe5 20. Nxe5 Nxe5 21. Bxd7
Nxd7 22. b5 Nf6 23. f3 Ne8 24. Rxc8 1-0

[Event "DVM U20 2010"]
[Site "Osnabrück GER"]
[Date "2010.12.29"]
[Round "5"]
[White "Barbanera, Fabrizio"]
[Black "Wöllermann, Jan"]
[Result "0-1"]
[Termination "normal"]
[Board "7.1"]
[WhiteElo "2115"]
[BlackElo "2092"]
[WhiteTeam "SC Neumühl"]
[BlackTeam "Hagener SV"]
[PlyCount "68"]
[WhiteFideId "24657700"]
[BlackFideId "24661155"]
[EventCountry "GER"]
[EventRounds "7"]
[EventType "team-swiss"]
[EventDate "2010.12.26"]

1. e4 c5 2. c3 d5 3. exd5 Qxd5 4. d4 g6 5. Nf3 Bg7 6. dxc5 Qxc5 7. Be3 Qc7 8.
Nbd2 Nf6 9. Bc4 Nc6 10. h3 O-O 11. O-O b6 12. Re1 Bb7 13. Qa4 e5 14. Rad1 h6
15. Ba6 Bxa6 16. Qxa6 Nd5 17. Nf1 Nxe3 18. Nxe3 Rad8 19. Qc4 Qb7 20. Qe4 f5 21.
Qc4+ Kh7 22. Nh4 e4 23. g4 Ne5 24. Qe6 Rfe8 25. Qb3 Bf6 26. gxf5 Bxh4 27. fxg6+
Kxg6 28. Ng2 Bf6 29. Rxd8 Nf3+ 30. Kh1 Qc7 31. Qg8+ Rxg8 32. Rxg8+ Kh7 33. Rg3
Nxe1 34. Nxe1 Bh4 0-1

[Event "DVM U20 2010"]
[Site "Osnabrück GER"]
[Date "2010.12.29"]
[Round "5"]
[White "Wierum, Colin"]
[Black "Teichmann, Alexander"]
[Result "1-0"]
[Termination "normal"]
[Board "7.2"]
[WhiteElo "1990"]
[BlackElo "1842"]
[WhiteTeam "Hagener SV"]
[BlackTeam "SC Neumühl"]
[PlyCount "120"]
[WhiteFideId "24677981"]
[BlackFideId "24657735"]
[EventCountry "GER"]
[EventRounds "7"]
[EventType "team-swiss"]
[EventDate "2010.12.26"]

1. e4 e6 2. d4 d5 3. exd5 exd5 4. Bd3 Bd6 5. Ne2 Ne7 6. Nbc3 c6 7. Bf4 O-O 8.
Qd2 Bf5 9. Bxd6 Qxd6 10. Nf4 Bxd3 11. Nxd3 Na6 12. O-O-O b5 13. h4 Nc7 14. Rde1
a5 15. Nc5 Ra7 16. Re2 Na6 17. Nxa6 Rxa6 18. Rhe1 Nc8 19. g4 Nb6 20. b3 a4 21.
h5 Qa3+ 22. Kb1 axb3 23. cxb3 Qb4 24. g5 Nc4 25. Qd3 Na3+ 26. Ka1 Qd6 27. Qf5
b4 28. Na4 Nb5 29. Qd3 Ra7 30. Qd2 Rb7 31. f4 Nc3 32. Nxc3 bxc3 33. Qe3 Rbb8
34. Rc2 f6 35. g6 hxg6 36. hxg6 f5 37. Qe6+ Qxe6 38. Rxe6 Rf6 39. Rxf6 gxf6 40.
Rxc3 Rb4 41. Rd3 Kg7 42. a3 Rb7 43. Kb2 Re7 44. Kc3 Re4 45. Rf3 Kxg6 46. a4 Kh5
47. a5 Kg4 48. Rf1 Kg3 49. a6 Re2 50. Ra1 Re8 51. a7 Ra8 52. Kb4 Kxf4 53. Kc5
Kg3 54. Kxc6 f4 55. Kb7 Rxa7+ 56. Kxa7 f3 57. Kb6 Kg2 58. Kc5 f5 59. Kxd5 f2
60. Ke5 f1=Q 1-0

[Event "DVM U20 2010"]
[Site "Osnabrück GER"]
[Date "2010.12.29"]
[Round "5"]
[White "Rethmann, Kristin"]
[Black "Oser, Kai"]
[Result "1-0"]
[Termination "normal"]
[Board "7.4"]
[WhiteElo "1774"]
[BlackElo "1622"]
[WhiteTeam "Hagener SV"]
[BlackTeam "SC Neumühl"]
[PlyCount "53"]
[WhiteFideId "24655805"]
[BlackFideId "12927201"]
[EventCountry "GER"]
[EventRounds "7"]
[EventType "team-swiss"]
[EventDate "2010.12.26"]

1. e4 c6 2. d4 d5 3. exd5 cxd5 4. Bd3 Nf6 5. Nf3 e6 6. Bf4 Bd6 7. Bxd6 Qxd6 8.
c3 b6 9. Qe2 O-O 10. O-O Bb7 11. Ne5 Ne4 12. f3 Nf6 13. Nd2 Nbd7 14. f4 a6 15.
Rf3 b5 16. Rh3 g6 17. g4 Rfd8 18. Qe1 Qf8 19. Qh4 Qg7 20. Re1 Nb6 21. Ndf3 Nc4
22. Re2 Rac8 23. g5 Ne8 24. Ng4 Ncd6 25. Nfe5 Nf5 26. Bxf5 exf5 27. Nh6+ 1-0

[Event "DVM U20 2010"]
[Site "Osnabrück GER"]
[Date "2010.12.29"]
[Round "5"]
[White "Walter, Tim Lucas"]
[Black "Fiegenbaum, Manuel"]
[Result "0-1"]
[Termination "normal"]
[Board "7.5"]
[WhiteElo "1526"]
[BlackElo "1793"]
[WhiteTeam "SC Neumühl"]
[BlackTeam "Hagener SV"]
[PlyCount "120"]
[WhiteFideId "12922951"]
[BlackFideId "24693537"]
[EventCountry "GER"]
[EventRounds "7"]
[EventType "team-swiss"]
[EventDate "2010.12.26"]

1. e4 d5 2. exd5 Qxd5 3. Nc3 Qa5 4. d3 Nf6 5. Nge2 Bf5 6. g3 Nbd7 7. Bg2 c6 8.
O-O e6 9. Bd2 Qc7 10. Bg5 h6 11. Bxf6 Nxf6 12. Ne4 Be7 13. N4c3 Nd5 14. Re1
O-O-O 15. Nxd5 exd5 16. Nc3 h5 17. a3 h4 18. b4 Bf6 19. Qd2 Bd4 20. Bf1 hxg3
21. hxg3 Bh3 22. Bxh3+ Rxh3 23. Kg2 Rdh8 24. Rh1 Qd7 25. Rae1 Rxh1 26. Rxh1
Rxh1 27. Kxh1 Qh3+ 28. Kg1 Qxg3+ 29. Kf1 Qh3+ 30. Kg1 Qh6 31. Qxh6 gxh6 32. Nd1
Kd7 33. c3 Bf6 34. Kg2 Ke6 35. Kg3 Kf5 36. f4 h5 37. Ne3+ Kg6 38. c4 dxc4 39.
Nxc4 h4+ 40. Kg4 b6 41. Nd6 a5 42. f5+ Kh7 43. Nxf7 a4 44. Nd6 b5 45. Nb7 Bb2
46. Na5 Bxa3 47. Nxc6 Bb2 48. Kxh4 a3 49. Na5 a2 50. Nb3 Kg7 51. Kg5 a1=Q 52.
Nxa1 Bxa1 53. Kf4 Bc3 54. Ke4 Bxb4 55. d4 Kf6 56. Kd5 Bf8 57. Ke4 b4 58. Kd3
Kxf5 59. Kc4 Ke4 60. d5 Bd6 0-1

[Event "DVM U20 2010"]
[Site "Osnabrück GER"]
[Date "2010.12.29"]
[Round "5"]
[White "Rau, Nikita"]
[Black "Watrin, Jan"]
[Result "1-0"]
[Termination "normal"]
[Board "7.6"]
[WhiteElo "1593"]
[BlackElo "1592"]
[WhiteTeam "Hagener SV"]
[BlackTeam "SC Neumühl"]
[PlyCount "43"]
[WhiteFideId "12902543"]
[BlackFideId "12922986"]
[EventCountry "GER"]
[EventRounds "7"]
[EventType "team-swiss"]
[EventDate "2010.12.26"]

1. d4 d5 2. Nf3 Nf6 3. e3 Bf5 4. c4 e6 5. Nc3 c6 6. Bd3 Bg6 7. O-O Nbd7 8. Re1
Bd6 9. e4 dxe4 10. Nxe4 Bc7 11. Bg5 O-O 12. Qc2 Qe7 13. Rad1 Bd6 14. Nxd6 Bxd3
15. Qxd3 Qxd6 16. Ne5 Nxe5 17. dxe5 Qxd3 18. Rxd3 Ne8 19. Be7 Rc8 20. Bxf8 Kxf8
21. Rd7 Rc7 22. Red1 1-0

[Event "DVM U20 2010"]
[Site "Osnabrück GER"]
[Date "2010.12.29"]
[Round "5"]
[White "Moeller, Jeremy"]
[Black "Olbrich, Jakob"]
[Result "1-0"]
[Termination "normal"]
[Board "8.1"]
[WhiteElo "1846"]
[BlackElo "1794"]
[WhiteTeam "SC 1926 Bendorf"]
[BlackTeam "USV TU Dresden"]
[PlyCount "43"]
[WhiteFideId "24692913"]
[EventCountry "GER"]
[EventRounds "7"]
[EventType "team-swiss"]
[EventDate "2010.12.26"]

1. e4 d6 2. d4 Nf6 3. Nc3 Nbd7 4. f4 e5 5. Nf3 exd4 6. Qxd4 h6 7. Be3 a6 8.
O-O-O b5 9. e5 c5 10. Qd3 c4 11. Qd4 b4 12. Ne4 c3 13. exf6 Qa5 14. Bc4 cxb2+
15. Kb1 b3 16. Bxb3 Rb8 17. fxg7 Rxb3 18. Nxd6+ Kd8 19. Nxc8 Qxa2+ 20. Kxa2
b1=Q+ 21. Rxb1 Ra3+ 22. Kb2 1-0

[Event "DVM U20 2010"]
[Site "Osnabrück GER"]
[Date "2010.12.29"]
[Round "5"]
[White "Grunwald, Martin"]
[Black "Schlöffel, Christian"]
[Result "0-1"]
[Termination "normal"]
[Board "8.2"]
[WhiteElo "1660"]
[BlackElo "1901"]
[WhiteTeam "USV TU Dresden"]
[BlackTeam "SC 1926 Bendorf"]
[PlyCount "68"]
[WhiteFideId "1270580"]
[BlackFideId "24692921"]
[EventCountry "GER"]
[EventRounds "7"]
[EventType "team-swiss"]
[EventDate "2010.12.26"]

1. e4 e5 2. Nf3 Nc6 3. Bb5 a6 4. Ba4 Nf6 5. O-O Be7 6. Re1 b5 7. Bb3 O-O 8. h3
d6 9. c3 Be6 10. d4 Bxb3 11. Qxb3 exd4 12. cxd4 d5 13. e5 Ne4 14. a3 Na5 15.
Qd3 c5 16. Nbd2 c4 17. Qe2 Nxd2 18. Bxd2 Nb3 19. Rab1 a5 20. Be3 b4 21. axb4
axb4 22. Nd2 Nxd2 23. Bxd2 Ra2 24. Qe3 Qa5 25. f4 Rc8 26. Rec1 h6 27. Qg3 Qb6
28. Be3 Qg6 29. Qxg6 fxg6 30. Rc2 Kf7 31. Rbc1 b3 32. Rf2 Bb4 33. Bd2 Bxd2 34.
Rxd2 c3 0-1

[Event "DVM U20 2010"]
[Site "Osnabrück GER"]
[Date "2010.12.29"]
[Round "5"]
[White "Sydorenko, Sascha"]
[Black "Schamschurko, Victor"]
[Result "1/2-1/2"]
[Termination "normal"]
[Board "8.3"]
[WhiteElo "1824"]
[BlackElo "1749"]
[WhiteTeam "SC 1926 Bendorf"]
[BlackTeam "USV TU Dresden"]
[PlyCount "102"]
[BlackFideId "24695637"]
[EventCountry "GER"]
[EventRounds "7"]
[EventType "team-swiss"]
[EventDate "2010.12.26"]

1. e4 e6 2. d3 d5 3. Nd2 Nf6 4. Ngf3 c5 5. g3 Nc6 6. Bg2 b6 7. O-O Bb7 8. c3
Be7 9. e5 Nd7 10. Re1 Qc7 11. Qe2 O-O-O 12. Nf1 h6 13. h4 Kb8 14. Bf4 Rhg8 15.
h5 g5 16. hxg6 Rxg6 17. Qd2 Rh8 18. Nh4 Bxh4 19. gxh4 d4 20. Ng3 dxc3 21. bxc3
Rg4 22. h5 Kc8 23. Bf3 Rh4 24. d4 Rd8 25. Qe3 f6 26. Bxh6 cxd4 27. cxd4 Rxd4
28. exf6 Nxf6 29. Qxe6+ Nd7 30. Bg7 Rd6 31. Qe3 Nc5 32. h6 Rd3 33. Bg4+ Kb8 34.
Be5 Nxe5 35. Qxe5 Qxe5 36. Rxe5 Rh8 37. h7 Rxh7 38. Rd1 Rxd1+ 39. Bxd1 Rf7 40.
Bg4 Nd3 41. Rf5 Rxf5 42. Bxf5 Ne5 43. f4 Nf3+ 44. Kf2 Nd4 45. Be4 Bxe4 46. Nxe4
Kc7 47. Nc3 Kd6 48. Ke3 Kc5 49. Ke4 b5 50. f5 Nxf5 51. Kxf5 Kc4 1/2-1/2

[Event "DVM U20 2010"]
[Site "Osnabrück GER"]
[Date "2010.12.29"]
[Round "5"]
[White "Pretz, Dominik"]
[Black "Nieke, Gottfried"]
[Result "1/2-1/2"]
[Termination "normal"]
[Board "8.5"]
[WhiteElo "1539"]
[BlackElo "1430"]
[WhiteTeam "SC 1926 Bendorf"]
[BlackTeam "USV TU Dresden"]
[PlyCount "101"]
[WhiteFideId "12927210"]
[EventCountry "GER"]
[EventRounds "7"]
[EventType "team-swiss"]
[EventDate "2010.12.26"]

1. d4 d5 2. c4 e6 3. Nc3 c6 4. Nf3 Bd6 5. e3 Nf6 6. Bd3 Nbd7 7. O-O O-O 8. e4
dxe4 9. Nxe4 Nxe4 10. Bxe4 Nf6 11. Qc2 h6 12. Re1 Qc7 13. a3 a5 14. b3 b6 15.
Bb2 Be7 16. Ne5 Bb7 17. Rad1 Rac8 18. Bc3 Rfd8 19. b4 axb4 20. axb4 c5 21. Bxb7
Qxb7 22. dxc5 bxc5 23. b5 Rxd1 24. Rxd1 Rd8 25. Rxd8+ Bxd8 26. Nc6 Be7 27.
Nxe7+ Qxe7 28. Qb2 Qd6 29. h3 Qd1+ 30. Kh2 Ne4 31. Bxg7 Nxf2 32. Qxf2 Kxg7 33.
Qxc5 Qd2 34. Qe5+ f6 35. Qg3+ Kf7 36. b6 Qd7 37. Qc7 Ke8 38. Qf4 Qc6 39. c5 Kd7
40. Qxh6 Qxc5 41. Qg7+ Kc8 42. Qc7+ Qxc7+ 43. bxc7 Kxc7 44. Kg3 Kd7 45. Kg4 Ke7
46. h4 Kf7 47. Kf4 Kg7 48. g4 Kg6 49. g5 f5 50. Ke5 Kh5 51. Kf4 1/2-1/2

[Event "DVM U20 2010"]
[Site "Osnabrück GER"]
[Date "2010.12.29"]
[Round "5"]
[White "Veckenstedt, Freya"]
[Black "Weber, Dirk"]
[Result "1/2-1/2"]
[Termination "normal"]
[Board "8.6"]
[WhiteElo "1229"]
[BlackElo "1354"]
[WhiteTeam "USV TU Dresden"]
[BlackTeam "SC 1926 Bendorf"]
[PlyCount "58"]
[WhiteFideId "12927244"]
[EventCountry "GER"]
[EventRounds "7"]
[EventType "team-swiss"]
[EventDate "2010.12.26"]

1. e4 e5 2. Nf3 Nc6 3. Bc4 Bc5 4. c3 Nf6 5. d3 d6 6. O-O Be6 7. Bxe6 fxe6 8.
Ng5 Qe7 9. Be3 Bb6 10. Nd2 h6 11. Ngf3 O-O-O 12. Bxb6 axb6 13. Qa4 Kb8 14. b4
g5 15. h3 Rdg8 16. Qd1 h5 17. g3 Nd7 18. Kg2 g4 19. hxg4 hxg4 20. Nh2 Qh7 21.
Rh1 Qg7 22. a4 Rh6 23. a5 Rgh8 24. Qg1 Qg5 25. Nc4 Qf6 26. axb6 d5 27. bxc7+
Kxc7 28. exd5 exd5 29. Ne3 Qg6 1/2-1/2